Vista normal Vista MARC

Entrada Personal Name

Número de registros utilizados en: 21

001 - CONTROL NUMBER

  • control field: 14038

003 - CONTROL NUMBER IDENTIFIER

  • control field: OSt

005 - DATE AND TIME OF LATEST TRANSACTION

  • control field: 20210226162219.0

008 - FIXED-LENGTH DATA ELEMENTS

  • fixed length control field: 210226|| aca||aabn | a|a d

040 ## - CATALOGING SOURCE

  • Original cataloging agency: OSt
  • Transcribing agency: OSt

100 ## - HEADING--PERSONAL NAME

  • Personal name: Paredes Castro, Julio

670 ## - SOURCE DATA FOUND

  • Source citation: Work cat.: (OSt): Rivera, José Eustasio, autor 556, Tierra de promisión / , 2010